Až šípky rozkvetou : Happy end

Bibliographic Details
Main Authors: Donida, Carlo (Composer), Mogol (Composer), Bachmann, Werner (Composer)
Corporate Author: Orchestr Gustava Broma (Performer)
Other Authors: Fiala, Jan (Lyricist), Blehárová, Helena, 1943- (Singer), Mátl, Štěpán (Singer)
Format: CD Audio
Language:Czech
PhysicalDescription:1 gramofónová platňa 18 cm
Published: miesto vydania Opus [1966]
Subjects:

MARC

LEADER 00000njm a2200000 4500
001 vtls012065158
003 SK-MaSNL
005 20260301104145.0
007 sd cszc p
008 210811s1966 xr sgz g 0 0 cze
028 0 1 |a 013448  |b Supraphon 
028 1 3 |a D 02027/B C  |b Supraphon 
028 1 3 |a D 02028/B A  |b Supraphon 
028 0 1 |a F-09*60721  |b Supraphon 
040 |a SNK  |b slo  |e rda  |c SNK 
041 0 |a cze 
044 |a xr  |c CZ 
072 7 |a 78.011.26  |x Populárna hudba. Populárne piesne. Populárna tanečná hudba  |2 konspekt 
080 |a 78.03.011.26  |2 2011 
080 |a (086.72)  |2 2011 
245 0 0 |a Až šípky rozkvetou : Happy end  |c Helena Blehárová, Štěpán Mátl 
264 1 |a miesto vydania  |b Opus  |c [1966] 
264 4 |c Ⓟ1966 
300 |a 1 gramofónová platňa  |c 18 cm 
336 |a hraná hudba  |b prm  |2 rdacontent 
337 |a audio  |b s  |2 rdamedia 
338 |a iný  |b z  |2 rdacarrier 
340 |a vinyl  |a rda 
344 |a analog  |c 45 ot/min  |g stereo  |2 rda 
500 |a Platňa obsahuje 2 piesne 
500 |a Názov prevzatý z obalu 
500 |a Miesto vydania podľa vydavateľa 
650 0 7 |a populárna hudba  |2 SNKPH  |9 3428 
650 0 7 |a Popular music  |2 SNKPHeng  |9 90436 
655 7 |a gramofónové platne  |2 SNKPH  |9 74608 
655 7 |a Gramophone records  |2 SNKPHeng  |9 286457 
700 1 |a Donida, Carlo  |4 cmp  |9 442458 
700 1 |a Mogol  |4 cmp  |9 442459 
700 1 |a Fiala, Jan  |4 lyr  |9 320237 
700 1 |a Blehárová, Helena,  |d 1943-  |4 sng  |9 216232 
700 1 |a Mátl, Štěpán  |4 sng  |9 442413 
700 1 |a Bachmann, Werner  |4 cmp  |9 442460 
710 2 |a Orchestr Gustava Broma  |4 prf  |9 312682 
740 0 2 |a Až šípky rozkvetou  |h zvukový záznam 
740 0 2 |a Happy end  |h zvukový záznam 
999 |c 697388  |d 699318 
952 |a SNK  |b SNK  |y PREZ  |7 0  |p 17A1420149  |o snk 45-128  |i snk1641/66  |0 0  |1 0  |4 0  |d 2021-08-11  |l 0  |r 2026-02-23 20:46:30  |w 2026-02-23 
952 |a SNKMST  |b SNKMST  |y PREZ  |7 0  |p 17A1420150  |o snk 45-128 D1  |i snk1642/66  |0 0  |1 0  |4 0  |d 2021-08-11  |l 0  |r 2026-02-23 20:46:30  |w 2026-02-23